01579nam a2200445 i 450000100060000000300090000600500170001500800390003202000150007102000150008604000360010104100080013704600090014508000190015408000130017308000120018624501400019824600420033825000150038026000600039530000330045533600270048833700540051533800280056938000160059738000270061338500390064038800100067949000410068950000390073050400360076965000290080565000120083465500300084665800280087670000480090471000410095283000420099385600980103543793KOSZ 00520200813130441.0021010s2001 pl a f f |000 0 pol a8320425808 a8320425786 cKOSZ 005aKOSZ 005dKOSZ 005/HR0 apol k2001 a621.1.01:536.7 a536.7.08 a(075.8)00aPomiary cieplne.nCz. 2,pBadania cieplne maszyn i urządzeń /cpod red. Tadeusza R. Fodemskiego ; aut. Tadeusz R. Fodemski [et al.]30aBadania cieplne maszyn i urządzeń aWyd. 3 zm. aWarszawa :bWydawnictwa Naukowo-Techniczne,ccop. 2001. a426, [2] s. :bil. ;c24 cm. 2rdacontentaTekstbtxt 2rdamediaaBez urządzenia pośredniczącegobn 2rdacarrieraWoluminbnc aKsiążki aPublikacje dydaktyczne mPoziom nauczaniaaSzkoły wyższe a2001-1 aPodręczniki Akademickie. Mechanika aW metryce błędny rok wyd. 2000. aBibliogr. przy rozdz. - Indeks. 4aTermodynamika techniczna 4aPomiary 4aPodręczniki akademickie aInżynieria i technika1 aFodemski, Tadeusz R.d(1944-2019)eRedakcja2 aWydawnictwa Naukowo-Techniczne4pbl. 0aPodręczniki Akademickie.pMechanika uhttp://koha.tu.koszalin.pl/cgi-bin/koha/opac-detail.pl?biblionumber=43793yKatalog online BPK